000 00269nam a2200097Ia 4500
001 1228118
005 20250827093036.0
008 250824s9999 xx 000 0 und d
245 0 _aKÖSEM SULTAN
_cAHMET HALDUN TERZİOĞLU
260 _bPANAMA YAYINLARI
999 _c1228118
_d1228118